| 000 | 01088nam a22002535a 4500 | ||
|---|---|---|---|
| 003 | OSt | ||
| 005 | 20170129103437.0 | ||
| 008 | 160922s2014 ua frb 000 0 ara d | ||
| 015 | _22013 / 24536 | ||
| 020 | _a9789779013008 | ||
| 040 |
_aEG-ScBUE _bara _cEG-ScBUE _dEG-ScBUE |
||
| 043 | _af-ua--- | ||
| 082 | 0 | 4 |
_a345.620268 _bس ل ا _222 |
| 100 | 1 | _aسلام، أحمد رشاد. | |
| 245 | 1 | 0 |
_aدور البنوك والمؤسسات المصرفية في مواجهة جريمة تهريب وغسل الأموال والقانون الواجب التطبيق والمحكمه المختصة بنظر تلك الجريمة / _cإعداد أحمد رشاد سلام. |
| 260 |
_a[القاهرة : _bد. ن. ]، _c2014. |
||
| 300 |
_a205 ص. ؛ _c24 سم. |
||
| 504 | _aيشتمل على إرجاعات ببليوجرافية. | ||
| 650 | 7 |
_aجرائم الأموال _xقوانين وتشريعات _zمصر. _2BUEsh _941140 |
|
| 650 | 7 |
_aغسيل الأموال _xقوانين وتشريعات _z مصر. _2BUEsh |
|
| 651 | _2BUEsh | ||
| 653 |
_bLLAAWW _cJanuary2017 |
||
| 942 | _2ddc | ||
| 999 |
_c24012 _d23984 |
||